000 00638nam a22002057a 4500
999 _c15958
_d15958
003 AR-CdUCM
008 190430b ||||| |||| 00| 0 spa d
040 _aMUNICIPALIDAD PROVINCIAL DEL CUSCO
_cBIBLIOTECA MUNICIPAL DEL CUSCO
082 _a851.41 /
_bP187
100 _aPanait Istrati, Mijail
_935215
245 _aMemorias de Adrian Zograffi /
260 _aLa Habana :
_bHuracán,
_c1970.
300 _a185 páginas ;
_b17 cm.
505 _aContenido: Memorias.
650 _aMemorias
_9235
650 _aNovela bibliográfica
_935216
650 _aRevolucionario Rumano
_935217
942 _2ddc
_cLIBROS
945 _adavv
_d30/04/2019